| 000 | 00859nam a2200241 i 4500 | ||
|---|---|---|---|
| 003 | DO-SdBNP | ||
| 005 | 20230831152329.0 | ||
| 006 | a||||gr|||| 00| 0 | ||
| 007 | ta | ||
| 008 | 230831e2004 fl ||||| |||| 00| m spa d | ||
| 040 |
_aDO-SdBNP _bspa _cBNPHU _erda |
||
| 082 | 4 |
_222 _bP438f |
|
| 245 | 1 | 0 |
_aFascinantes dramas y cuentos Din micos: _bpara diferentes actividades dentro y fuera de la iglesia. / _cMary Pérez de González; prólogo, Orpha Rojas |
| 264 | 1 |
_aKissimmee, Florida : _bWorld Graphic Corporation. _c2004 |
|
| 300 |
_a43 páginas ; _c21 cm. |
||
| 336 |
_2rdacontent _atexto _btxt |
||
| 337 |
_2rdamedia _asin mediación _bn |
||
| 338 |
_2rdacarrier _avolumen _bnc |
||
| 500 | _aIncluye datos biográficos de la autora en la contracubierta. | ||
| 590 | _aInventariado 2023 / MF | ||
| 700 | 1 |
_aRojas, Orpha, _eprólogo _984042 |
|
| 942 |
_2ddc _cLF2 |
||
| 999 |
_c54601 _d54601 |
||